<?xml version="1.0" encoding="UTF-8"?>
<record
    xmlns:xsi="http://www.w3.org/2001/XMLSchema-instance"
    xsi:schemaLocation="http://www.loc.gov/MARC21/slim http://www.loc.gov/standards/marcxml/schema/MARC21slim.xsd"
    xmlns="http://www.loc.gov/MARC21/slim">

  <leader>01769    a2200253   4500</leader>
  <datafield tag="999" ind1=" " ind2=" ">
    <subfield code="c">27582</subfield>
    <subfield code="d">27582</subfield>
  </datafield>
  <controlfield tag="003">OSt</controlfield>
  <controlfield tag="005">20241127150624.0</controlfield>
  <controlfield tag="008">241127b           ||||| |||| 00| 0 eng d</controlfield>
  <datafield tag="020" ind1=" " ind2=" ">
    <subfield code="a">9780971817555</subfield>
    <subfield code="c">USD99.99</subfield>
  </datafield>
  <datafield tag="040" ind1=" " ind2=" ">
    <subfield code="c">imukc</subfield>
  </datafield>
  <datafield tag="041" ind1=" " ind2=" ">
    <subfield code="a">eng</subfield>
  </datafield>
  <datafield tag="082" ind1=" " ind2=" ">
    <subfield code="a">388.044</subfield>
    <subfield code="b">H694</subfield>
  </datafield>
  <datafield tag="245" ind1=" " ind2=" ">
    <subfield code="a">Intermodal transportation :</subfield>
    <subfield code="b">moving freight in a global economy</subfield>
    <subfield code="c">edited by Lester A. Hoel, Genevieve Giuliano, and Michael D. Meyer</subfield>
  </datafield>
  <datafield tag="260" ind1=" " ind2=" ">
    <subfield code="a">Washington, DC :</subfield>
    <subfield code="b">Eno Transportation Foundation,</subfield>
    <subfield code="c">c2010.</subfield>
  </datafield>
  <datafield tag="300" ind1=" " ind2=" ">
    <subfield code="a">ix, 642 p. :</subfield>
    <subfield code="b">ill. ;</subfield>
    <subfield code="c">26 cm</subfield>
  </datafield>
  <datafield tag="504" ind1=" " ind2=" ">
    <subfield code="a">Includes bibliographies and index.</subfield>
  </datafield>
  <datafield tag="505" ind1=" " ind2=" ">
    <subfield code="a">The Context of Intermodal Transportation
1 The Global Economy 1 
2 Understanding the Supply Chain 35 
3 Evolution of Freight Transportation 67 
4 The Public-Sector Role 93
Intermodal Freight Transportation Modes
5 Shipping 133 
6 The Rail Industry and Intermodal Transportation 161 
7 The Air Cargo Industry 209 
8 Trucking 239
Intermodal Freight Transportation Nodes
9 Seaports 271 
10 Airports 303 
11 Railroad Terminals and Yards 339 
12 Warehousing and Distribution Centers 361
Planning and Data Analysis for Intermodal Transportation
13 Freight Transportation Planning 381 
14 Modeling Freight Flows 423 
15 Financial Strategies for Delivering Intermodal Freight Facilities 465
Issues Impacting Intermodal Freight Systems
16 Congested Networks 493 
17 System Security 525 
18 Freight Transportation and the Environment 545 
19 Labor and Human Resources 581
Contributors 617 
Abbreviations 623 
Index 627
</subfield>
  </datafield>
  <datafield tag="650" ind1=" " ind2="0">
    <subfield code="9">4932</subfield>
    <subfield code="a">Transportation</subfield>
  </datafield>
  <datafield tag="650" ind1=" " ind2="0">
    <subfield code="9">5706</subfield>
    <subfield code="a">Freight</subfield>
  </datafield>
  <datafield tag="700" ind1=" " ind2=" ">
    <subfield code="9">5707</subfield>
    <subfield code="a">Hoel, Lester A.</subfield>
    <subfield code="e">editor</subfield>
  </datafield>
  <datafield tag="700" ind1=" " ind2=" ">
    <subfield code="9">5708</subfield>
    <subfield code="a">Giuliano, Genevieve</subfield>
    <subfield code="e">editor</subfield>
  </datafield>
  <datafield tag="700" ind1=" " ind2=" ">
    <subfield code="9">5709</subfield>
    <subfield code="a">Meyer, Michael D.</subfield>
    <subfield code="e">editor</subfield>
  </datafield>
  <datafield tag="942" ind1=" " ind2=" ">
    <subfield code="2">ddc</subfield>
    <subfield code="c">BK</subfield>
  </datafield>
  <datafield tag="952" ind1=" " ind2=" ">
    <subfield code="0">0</subfield>
    <subfield code="1">0</subfield>
    <subfield code="2">ddc</subfield>
    <subfield code="4">0</subfield>
    <subfield code="7">0</subfield>
    <subfield code="a">CL</subfield>
    <subfield code="b">CL</subfield>
    <subfield code="c">REF</subfield>
    <subfield code="d">2024-11-28</subfield>
    <subfield code="e">5</subfield>
    <subfield code="g">6153.28</subfield>
    <subfield code="o">388.044 H694</subfield>
    <subfield code="p">14352</subfield>
    <subfield code="r">2024-11-28</subfield>
    <subfield code="v">6477.14</subfield>
    <subfield code="w">2024-11-28</subfield>
    <subfield code="y">BK</subfield>
  </datafield>
  <datafield tag="952" ind1=" " ind2=" ">
    <subfield code="0">0</subfield>
    <subfield code="1">0</subfield>
    <subfield code="2">ddc</subfield>
    <subfield code="4">0</subfield>
    <subfield code="7">0</subfield>
    <subfield code="a">CL</subfield>
    <subfield code="b">CL</subfield>
    <subfield code="d">2024-11-28</subfield>
    <subfield code="e">5</subfield>
    <subfield code="g">6153.28</subfield>
    <subfield code="l">4</subfield>
    <subfield code="m">1</subfield>
    <subfield code="o">388.044 H694</subfield>
    <subfield code="p">14353</subfield>
    <subfield code="r">2025-10-21</subfield>
    <subfield code="s">2025-10-03</subfield>
    <subfield code="v">6477.14</subfield>
    <subfield code="w">2024-11-28</subfield>
    <subfield code="y">BK</subfield>
  </datafield>
  <datafield tag="952" ind1=" " ind2=" ">
    <subfield code="0">0</subfield>
    <subfield code="1">0</subfield>
    <subfield code="2">ddc</subfield>
    <subfield code="4">0</subfield>
    <subfield code="7">0</subfield>
    <subfield code="a">CL</subfield>
    <subfield code="b">CL</subfield>
    <subfield code="d">2024-11-28</subfield>
    <subfield code="e">5</subfield>
    <subfield code="g">6153.28</subfield>
    <subfield code="o">388.044 H694</subfield>
    <subfield code="p">14354</subfield>
    <subfield code="r">2024-11-28</subfield>
    <subfield code="v">6477.14</subfield>
    <subfield code="w">2024-11-28</subfield>
    <subfield code="y">BK</subfield>
  </datafield>
  <datafield tag="952" ind1=" " ind2=" ">
    <subfield code="0">0</subfield>
    <subfield code="1">0</subfield>
    <subfield code="2">ddc</subfield>
    <subfield code="4">0</subfield>
    <subfield code="7">0</subfield>
    <subfield code="a">CL</subfield>
    <subfield code="b">CL</subfield>
    <subfield code="d">2024-11-28</subfield>
    <subfield code="e">5</subfield>
    <subfield code="g">6153.28</subfield>
    <subfield code="o">388.044 H694</subfield>
    <subfield code="p">14355</subfield>
    <subfield code="r">2024-11-28</subfield>
    <subfield code="v">6477.14</subfield>
    <subfield code="w">2024-11-28</subfield>
    <subfield code="y">BK</subfield>
  </datafield>
</record>
